00915nam a22002057a 450000500170000000800410001702000180005804000410007604100080011710000220012524502680014726000490041530000280046465000400049265000370053265000350056965100320060470000380063670000350067420240822081635.0240822t ||||| |||| 00| 0 spa d a9788411697316 aCO-BoUCMcDavid MorenodDavid Moreno aspa1 aArce Rojas, David10aJusticia Trasicional de restitucion de tierras en Colombia y los sectores extractivosde hidrocarburos y minería btensiones entre la utilidad y la justicia transicional de tierras cDavid Arce Rojas, Jhorman Alexis Álvarez Fierro y Alejandro Roceros Abuchaibe aBogotá, Colombia bTirant lo Blanch c2024 a368 Paginas bgraficas 14aJusticia de transicion zColombia 14aJusticia restaurativazColombia 14aVictimas de guerra zColombia  aColombia xLey 1448 de 20111 aÁlvarez Fierro, Jhorman Alexis 1 aRonderos Abuchaibe, Alejandro